Introduction to chemistry (Record no. 31369)

MARC details
000 -LEADER
fixed length control field 00487nam a2200193Ia 4500
020 ## - INTERNATIONAL STANDARD BOOK NUMBER
ISBN 0-538-73543-8
050 ## - CALL MARK
Classification number QD33.2.Z863/
100 ## - STATEMENT OF RESPONSIBILITY--MAIN AUTHOR NAME
Personal name Steven S. Zumdahl
245 #0 - TITLE STATEMENT
Title Introduction to chemistry
250 ## - EDITION / VOLUME STATEMENT
Edition / Volume statement Seventh Edition
260 ## - PUBLICATION, DISTRIBUTION, ETC. (IMPRINT)
Place of publication Massachusetts
260 ## - PUBLICATION, DISTRIBUTION, ETC. (IMPRINT)
Name of publisher Brooks/Cole Publishing Company
260 ## - PUBLICATION, DISTRIBUTION, ETC. (IMPRINT)
Year of publication 2011
300 ## - PHYSICAL DESCRIPTION
Number of Pages 716 p
650 ## - SUBJECT ADDED ENTRY--TOPICAL TERM
Topical Term Measuement and Calculations
942 ## - ADDED ENTRY ELEMENTS (KOHA)
Koha item type Books
Holdings
Withdrawn status Lost status Source of classification or shelving scheme Damaged status Not for loan Permanent Location Current Location Date acquired Accession Number Price effective from Koha item type
    Library of Congress Classification     NILE UNIVERSITY OF NIGERIA - MAIN LIBRARY NILE UNIVERSITY OF NIGERIA - MAIN LIBRARY 04/23/2025 0008483 04/23/2025 Books